Corporate cash management <a> treasurer's guide

Uložené v:
Podrobná bibliografia
Hlavný autor: Bragg, Steven M.
Médium: Kniha
Jazyk:English
Vydavateľské údaje: Centennial AccountingTools 2014
Vydanie:2nd. ed.
Predmet:
Tagy: Pridať tag
Žiadne tagy, Buďte prvý, kto otaguje tento záznam!

MARC

LEADER 00000nam a2200000 4500
001 0193279
005 20240306140229.3
020 |a 978-1-938910-37-1 
041 0 |a eng 
044 |a US 
245 1 0 |a Corporate cash management  |b <a> treasurer's guide  |c Steven M. Bragg 
250 |a 2nd. ed. 
264 1 |a Centennial  |b AccountingTools  |c 2014 
300 |a 245 s. 
610 2 0 |a podnik 
610 2 0 |a financie podnikové 
610 2 0 |a hotovosť 
610 2 0 |a riadenie finančné 
610 2 0 |a riadenie podnikové 
610 2 0 |a hospodárstvo podniku finančné 
610 2 0 |a prognózy 
610 2 0 |a dokumentácia 
610 2 0 |a nákup 
610 2 0 |a predaj 
610 2 0 |a banky 
610 2 0 |a investície 
610 2 0 |a klíring 
610 2 0 |a kurz devízový 
610 2 0 |a miera úroková 
100 1 |a Bragg, Steven M.